000 00686nam a2200253Ia 4500
001 35526
005 20240114001818.0
007 ta
008 070322s g b000 u 465 u
040 _aCotton College,Assam
041 _a465
082 _a420
_bM 432 En
100 _aMatthews, Brander .
245 0 _aThe Englishing of French Words /
_cBrander Matthews.
_hTextual Documents
250 _a1st ed. /
260 _aOxford :
_bAt the Clarendon Press ,
_cNd.
300 _a31p. ;
_c22cm.
653 _aEnglishing-French Words
653 _aFrench Words-Englishing
653 _aG-Languages
942 _2ddc
_cBK
999 _c35508
_d35508